000 00396nam a2200169Ia 4500
005 20250425160849.0
008 250425s9999 xx 000 0 und d
041 _aspa
082 _a621.184
100 _aPINOCHET MONSALVETE, JORGE
245 0 _aCALDERAS
250 _a1A ED.
260 _aEcuador
_bESCUELA NAVAL ARTURO PRAT
_c1957
650 _aCALDERAS
942 _c01
010 _a7131
999 _c197742
_d197742